From G. Galilei´s paradox up to the alternate analysis; Успехи современного естествознания; № 1
| Parent link: | Успехи современного естествознания: научный журнал.— , 2001- № 1.— 2004.— [С. 55] |
|---|---|
| 1. Verfasser: | |
| Zusammenfassung: | Заглавие с экрана Текст на английском языке. |
| Sprache: | Englisch |
| Veröffentlicht: |
2004
|
| Schriftenreihe: | Физико-математические науки |
| Schlagworte: | |
| Online-Zugang: | http://www.natural-sciences.ru/ru/article/view?id=12108 |
| Format: | MixedMaterials Elektronisch Buchkapitel |
| KOHA link: | https://koha.lib.tpu.ru/cgi-bin/koha/opac-detail.pl?biblionumber=645589 |
MARC
| LEADER | 00000nla0a2200000 4500 | ||
|---|---|---|---|
| 001 | 645589 | ||
| 005 | 20250326160736.0 | ||
| 035 | |a (RuTPU)RU\TPU\network\10680 | ||
| 090 | |a 645589 | ||
| 100 | |a 20160114d2004 k||y0rusy50 ca | ||
| 101 | 0 | |a eng | |
| 102 | |a RU | ||
| 135 | |a drcn ---uucaa | ||
| 181 | 0 | |a i | |
| 182 | 0 | |a b | |
| 200 | 1 | |a From G. Galilei´s paradox up to the alternate analysis |f A. M. Sukhotin | |
| 203 | |a Text |c electronic | ||
| 225 | 1 | |a Физико-математические науки | |
| 300 | |a Заглавие с экрана | ||
| 300 | |a Текст на английском языке. | ||
| 461 | |t Успехи современного естествознания |o научный журнал |d 2001- | ||
| 463 | |t № 1 |v [С. 55] |d 2004 | ||
| 610 | 1 | |a электронный ресурс | |
| 610 | 1 | |a труды учёных ТПУ | |
| 700 | 1 | |a Sukhotin |b A. M. |c mathematician |c Associate Professor of Tomsk Polytechnic University, Candidate of physical and mathematical sciences |f 1940- |g Aleksandr Mikhailovich |3 (RuTPU)RU\TPU\pers\31890 | |
| 801 | 2 | |a RU |b 63413507 |c 20160114 |g RCR | |
| 856 | 4 | |u http://www.natural-sciences.ru/ru/article/view?id=12108 | |
| 942 | |c CF | ||